Исследование и разработка источников с прецизионной формой гармонических сигналов и источников сигналов с калиброванными значениями коэффициентов гармоник: диссертация на соискание ученой степени кандидата технических наук; спец. 05.11.05

Bibliographic Details
Main Author: Литвак Э. С. Эммануил Семенович
Corporate Author: Томский политехнический институт (ТПИ)
Other Authors: Ройтман М. С. Марсель Самуилович (научный руководитель)
Language:Russian
Published: Томск, [Б. и.], 1979
Subjects:
Format: Book
KOHA link:https://koha.lib.tpu.ru/cgi-bin/koha/opac-detail.pl?biblionumber=349897

MARC

LEADER 00000nbm0a2200000 4500
001 349897
005 20231102010240.0
035 |a (RuTPU)RU\TPU\retro\3043 
090 |a 349897 
100 |a 20180925d1979 k y0rusy50 ca 
101 0 |a rus 
102 |a RU 
105 |a a m 001zy 
200 1 |a Исследование и разработка источников с прецизионной формой гармонических сигналов и источников сигналов с калиброванными значениями коэффициентов гармоник  |e диссертация на соискание ученой степени кандидата технических наук  |e спец. 05.11.05  |f Э. С. Литвак  |g Томский политехнический институт (ТПИ) ; науч. рук. М. С. Ройтман 
210 |a Томск  |c [Б. и.]  |d 1979 
215 |a 215 л.  |c ил. 
320 |a Библиогр.: с. 175-185 (118 назв.) 
606 1 |a Анализаторы гармоник  |2 stltpush  |3 (RuTPU)RU\TPU\subj\28969  |9 52390 
610 1 |a гармонические сигналы 
610 1 |a источники 
610 1 |a колебательные звенья 
610 1 |a RC-генераторы 
610 1 |a прецизионные сигналы сложной формы 
610 1 |a формирование 
610 1 |a малые значения 
610 1 |a калиброванные значения 
610 1 |a диссертации 
610 1 |a труды учёных ТПУ 
675 |a 621.317.757(04)  |v 4 
686 |a 05.11.05  |2 oksvnk 
700 1 |a Литвак  |b Э. С.  |g Эммануил Семенович 
702 1 |a Ройтман  |b М. С.  |c российский ученый  |c радиотехник  |c Заслуженный профессор Томского политехнического университета  |f 1933-  |g Марсель Самуилович  |2 stltpush  |3 (RuTPU)RU\TPU\pers\19859  |4 727 
712 0 2 |a Томский политехнический институт (ТПИ)  |c (1944-1991)  |2 stltpush  |3 (RuTPU)RU\TPU\col\1123 
801 1 |a RU  |b 63413507  |c 20180925 
801 2 |a RU  |b 63413507  |c 20180925  |g RCR 
942 |c BK